书目信息 |
| 题名: |
香港经济问题初探
|
|
| 作者: | 郑德良 著 | |
| 分册: | ||
| 出版信息: | 广州 中山大学出版社 1984 |
|
| 页数: | 369页 | |
| 开本: | 19cm | |
| 丛书名: | ||
| 单 册: | ||
| 中图分类: | F127.658 | |
| 科图分类: | ||
| 主题词: | 经济建设--研究--香港 | |
| 电子资源: | ||
| ISBN: | ||
| 000 | 00649nam0 2200241 45 | |
| 001 | 0184014017 | |
| 005 | 20040427111616.8 | |
| 010 | @dCNY1.40 | |
| 091 | @a4339.1 | |
| 100 | @a19950407d1984 mk y0chiy0121 ea | |
| 101 | 0 | @achi |
| 102 | @aCN@b440000 | |
| 105 | @ay z 000yy | |
| 106 | @ar | |
| 200 | 10 | @a香港经济问题初探@Axiang gang jing ji wen ti chu tan@f郑德良著 |
| 210 | @a广州@c中山大学出版社@d1984 | |
| 215 | @a369页@d19cm | |
| 606 | @a经济建设@x研究@y香港 | |
| 690 | @aF127.658@v3 | |
| 701 | 0 | @a郑德良@Azheng de liang@4著 |
| 801 | 0 | @aCN@b上海图书馆@c20040427 |
| 801 | 2 | @aCN@bNLC@c20040427 |
| 905 | @f2@b130650-651@dF127.658@e10 | |
| 香港经济问题初探/郑德良著.-广州:中山大学出版社,1984 |
| 369页;19cm |
| ISBN :CNY1.40 |
| ● |
| 相关链接 |
|
|
|
|
正题名:香港经济问题初探
索取号:F127.658/10
 
预约/预借
| 序号 | 登录号 | 条形码 | 馆藏地/架位号 | 状态 | 备注 |
| 1 | 0130650 | 000200552 | 密集书库/ [索取号:F127.658/10] | 在馆 | |
| 2 | 0130651 | 000200598 | 密集书库/ [索取号:F127.658/10] | 在馆 | |
| 3 | 0130652 | 002057302 | 第一样本阅览室/ [索取号:F127.658/10] | 在馆 |